|
|
|
|
| LEADER |
02045nam a2200589 a 4500 |
| 001 |
nkc20091865888 |
| 003 |
CZ PrNK |
| 005 |
20160629235011.0 |
| 007 |
ta |
| 008 |
090415s2009 xr a e f 001 0 cze |
| 015 |
|
|
|a cnb001865888
|
| 020 |
|
|
|a 978-80-7236-663-7
|q (brož.)
|
| 035 |
|
|
|a (OCoLC)321043981
|
| 040 |
|
|
|a ABA001
|b cze
|
| 041 |
1 |
|
|a cze
|h ger
|
| 072 |
|
7 |
|a 636
|x Chov zvířat. Živočišná výroba
|2 Konspekt
|9 24
|
| 080 |
|
|
|a 636.7
|2 MRF
|
| 080 |
|
|
|a 636.08
|2 MRF
|
| 080 |
|
|
|a 636.09:636.084/.087
|2 MRF
|
| 080 |
|
|
|a 636.084
|2 MRF
|
| 080 |
|
|
|a 615.874.24
|2 MRF
|
| 080 |
|
|
|a (035)
|2 MRF
|
| 100 |
1 |
|
|a Eilert-Overbeck, Brigitte
|7 xx0079027
|4 aut
|
| 245 |
1 |
0 |
|a Pes s nadváhou /
|c [Brigitte Eilert-Overbeck ; překlad Alice Kavinová]
|
| 250 |
|
|
|a České vyd. 1.
|
| 260 |
|
|
|a Praha :
|b Vašut,
|c 2009
|
| 300 |
|
|
|a 48 s. :
|b barev. il. ;
|c 20 cm
|
| 490 |
1 |
|
|a Jak na to
|
| 500 |
|
|
|a Přeloženo z němčiny
|
| 500 |
|
|
|a Obálkový podnázev: jak na přebytečná deka
|
| 504 |
|
|
|a Obsahuje bibliografii a rejstřík
|
| 650 |
0 |
7 |
|a psi
|7 ph115940
|2 czenas
|
| 650 |
0 |
7 |
|a chov domácích zvířat
|7 ph119200
|2 czenas
|
| 650 |
0 |
7 |
|a veterinární dietetika
|7 ph127047
|2 czenas
|
| 650 |
0 |
7 |
|a krmení zvířat
|7 ph183333
|2 czenas
|
| 650 |
0 |
7 |
|a redukce tělesné hmotnosti
|7 ph135013
|2 czenas
|
| 650 |
0 |
9 |
|a dogs
|2 eczenas
|
| 650 |
0 |
9 |
|a keeping of domestic animals
|2 eczenas
|
| 650 |
0 |
9 |
|a veterinary dietetics
|2 eczenas
|
| 650 |
0 |
9 |
|a animal feeding
|2 eczenas
|
| 650 |
0 |
9 |
|a weight loss
|2 eczenas
|
| 655 |
|
7 |
|a příručky
|7 fd133209
|2 czenas
|
| 655 |
|
9 |
|a handbooks and manuals
|2 eczenas
|
| 765 |
0 |
|
|t Dicke Hund
|9 Česky
|
| 830 |
|
0 |
|a Jak na to (Jan Vašut)
|0 s
|
| 856 |
4 |
1 |
|u http://www.digitalniknihovna.cz/mzk/uuid/uuid:b475f750-c59f-11e5-b93e-005056827e52
|y Digitalizovaný dokument
|x NDK
|
| 910 |
2 |
|
|a BOA001
|b 2-1221.377
|
| 928 |
9 |
|
|a Jan Vašut
|
| 990 |
|
|
|a BK
|
| 995 |
|
|
|a 01
|
| 991 |
|
|
|b 200904
|c NOV
|
| 996 |
6 |
|
|b 2610374127
|c 2-1221.377
|l MZK
|r Sklad / do 1 hodiny
|n 1
|p p.v.
|w 000935059
|u 000010
|a 1
|e BOA001
|j MZK50
|s P
|